000 01136 a2200229 4500
001 57130
005 20260407155834.0
008 260407a1993 arg spa d
003 AR-UNSa-BCEJYS
040 _aAR-UNSa-BCEJYS
_bspa
_cAR-UNSa-BCEJYS
080 _a342
_xDerecho constitucional (Derecho Público)
245 1 0 _aLa potestad legislativa
020 _a950-572-247-8
264 1 _aBuenos Aires :
_bVíctor P. de Zavalía
_c1993
300 _a389 p.
_c23 cm.
505 _a1. La potestad legislativa como técnica de gobernar – 2. De las reservas legislativas dispuestas en la Constitución: reserva de ley y reserva de reglamento – 3. La delegación legislativa – 4. La delegación legislativa en el derecho argentino – 5. Las diversas modalidades que puede utilizar el Congreso para ejercer su potestad legislativa – 6. El ejercicio de la potestad legislativa por parte del Ejecutivo
041 _aspa
942 _cBK
590 _aniveau_biblio:m niveau_hierar:0
100 1 _aQuiroga Lavié, Humberto
856 4 1 _uhttps://www.biblioeco.unsa.edu.ar/pmb/images/libros/L128708.jpg
_yImagen de portada
_qimage/jpeg
999 _c6129
_d6129